| 000 | 00550nam a2200205 a 4500 | ||
|---|---|---|---|
| 005 | 20230602063804.0 | ||
| 008 | 151120s2014 mx r 000 0 spa d | ||
| 020 | _a9786070716300 | ||
| 035 | _aUPN01000206991 | ||
| 049 | _aCG | ||
| 050 | 4 |
_aPQ7297 S8.6 _bC3.7b |
|
| 100 | 1 |
_aSpota, Luis, _d1925-1985 _930041 |
|
| 245 | 1 | 0 |
_aCasi el paraíso / _cLuis Spota. |
| 260 |
_aMéxico : _bPlaneta, _c2014. |
||
| 300 | _a432 p. | ||
| 650 | 4 |
_aNovela mexicana _94557 |
|
| 650 | 4 |
_aLiteratura mexicana _ySiglo XX _95344 |
|
| 905 | _aLibro | ||
| 999 |
_c179092 _d179092 |
||